000 01162nam a2200265 i 4500
001 163733
003 ES-MaACL
005 20251012063056.0
008 940615s1875 sp |||| | spa d
080 _a821.134.2-14(082.2)
100 0 _aRodríguez, Lucas,
_ds. XVI
_998276
245 1 0 _aRomancero historiado con mucha variedad de glosas y sonetos /
_cpor Lucas Rodríguez.
260 _aMadrid :
_b[s.n.],
_c1875 (
_fImp. de T. Fortanet)
300 _aXIII, 464 p. :
_bil. ;
_c19 cm.
490 1 _aColección de libros españoles raros o curiosos ;
_v10
530 _aDisponible en formato digital.
594 _aReponsable de la ed.: José Núñez Prado.
599 _aIlustraciones: reproducción de los grabados xilográficos de la ed. de 1585.
650 4 _aRomances-
_zEspaña.
_916935
700 1 _aNúñez de Prado, José
_c(militar)
_9170152
830 1 0 _aColección de libros españoles raros o curiosos
_v10
_9187911
852 4 _aES-MaACL
_jR-2170-91
_z- Enc. hol .Olim:G-13959.
856 4 _uhttps://bibliotecadigital.jcyl.es/es/consulta/registro.do?id=33033
_zBiblioteca Digital de Castilla y León
999 _c163733
_d163733